KOHA-Header-6

Using Computers In Archaeology (Record no. 8176)

000 -LEADER
fixed length control field 00267nam a2200109Ia 4500
100 ## - MAIN ENTRY--AUTHOR NAME
Personal name Shannon,McPherron
245 #0 - TITLE STATEMENT
Title Using Computers In Archaeology
260 ## - PUBLICATION, DISTRIBUTION, ETC. (IMPRINT)
Place of publication USA
Name of publisher McGraw Hill
Year of publication 1998
300 ## - PHYSICAL DESCRIPTION
Number of Pages 163
942 ## - ADDED ENTRY ELEMENTS (KOHA)
Koha item type Books
Holdings
Withdrawn status Lost status Collection code Permanent Location Current Location Shelving location Date acquired Full call number Accession Number Koha item type
    Electrical Engineering MAJU MAJU Shelf No.A25 2019-09-13 954.035 2716 Electrical Engineering

Powered by Koha